000 01497cam a22002054a 4500
005 20250605163942.0
008 250528s ||||||||||||||||||||||||d
035 _a15073
020 _a77074432
040 _aGR-AtMCL
_bgre
_dGR-AtMCL
_eAACR2
245 1 _aAn Introduction to Financial Accounting
260 _bMcgraw Hill Book Company,
_c1992
300 _a372
520 _aA comprehensive and consistent course in financial accounting. Preface, The Nature and Functions of Financial Accounting, The Accounting Equation and Its Components, Basic Documentation and Books of Account, The General Ledger, The Balancing of Accounts and the Trial Balance, Day Books and the Journal, The Cash Book, The Petty Cash Book, The Final Accounts of Sole Traders, Accounting Concepts and Principles and Conventions, Depreciation and Fixed Assets, Bad Debts and Provisions for Bad Depths, The Preparation of Final Accounts from the Trial Balance, Manufacturing Accounts and the Valuation of Stocks, The Bank Reconciliation Statement, Control Accounts, Errors and Suspense Accounts, Single Entry and Incomplete Records, The Final Accounts of Clubs, Accounting for Hire Purchase Transactions, Investment Accounts, Departmental and Branch Accounts, The Final Accounts of Parthnerships, Changes in Share Capital, Cash and Funds Flow Statements, The Use of Computers in Accounting, Index.
700 1 _aRickwood Colin
_9909
700 1 _aThomas Andrew
_9910
942 _cBK
999 _c672
_d672